[Event "LSS ZN-2010-0-00951"]
[Site "LSS email"]
[Date "2010.03.07"]
[Round "?"]
[White "Pavak, Jan"]
[Black "Rey, Dieter"]
[Result "1-0"]
[WhiteElo "583"]
[BlackElo "818"]
[PlyCount "37"]
[EventDate "2010.03.02"]
[EventType "match (corr)"]
[EventRounds "2"]
[EventCountry "GER"]
[SourceTitle "Corr 2013"]
[Source "ChessBase"]
[SourceDate "2012.11.12"]
[SourceVersion "1"]
[SourceVersionDate "2012.11.12"]
[SourceQuality "1"]

1. e4 d6 2. Nf3 Nf6 3. e5 dxe5 4. Nxe5 Nbd7 5. Nxd7 Bxd7 6. d4 e6 7. Bg5 Be7 8. Nc3 0-0 9. Bxf6 Bxf6 10. d5 Bxc3+ 11. bxc3 exd5 12. Qxd5 Re8+ 13. Be2 Bc6 14. Qxd8 Raxd8 15. 0-0 Rxe2 16. Rae1 Rxc2 17. h4 Rxa2 18. Re7 Rd7 19. Re8# 1-0

[Event "LSS RN-2010-0-00259"]
[Site "LSS email"]
[Date "2010.02.11"]
[Round "?"]
[White "Pavak, Jan"]
[Black "Bester, Kazimierz"]
[Result "0-1"]
[WhiteElo "601"]
[BlackElo "672"]
[PlyCount "84"]
[EventDate "2010.01.21"]
[EventType "tourn (corr)"]
[EventRounds "6"]
[EventCountry "GER"]
[SourceTitle "Corr 2013"]
[Source "ChessBase"]
[SourceDate "2012.11.12"]
[SourceVersion "1"]
[SourceVersionDate "2012.11.12"]
[SourceQuality "1"]

1. e4 Nf6 2. Qf3 d6 3. Nc3 e6 4. d4 Nc6 5. Bb5 Be7 6. d5 exd5 7. exd5 Bg4 8. Qd3 0-0 9. dxc6 b6 10. h3 Bh5 11. Bg5 Re8 12. Nge2 Bg6 13. Qd2 d5 14. Be3 Bd6 15. Nxd5 Nxd5 16. Qxd5 Bxc2 17. Bg5 Qc8 18. Bc4 Re6 19. Rc1 Be4 20. Qd4 Bxg2 21. Rg1 Bb4+ 22. Bd2 Bxd2+ 23. Qxd2 Rd6 24. Qg5 Rg6 25. Qh5 Bxh3 26. Rxg6 hxg6 27. Qd5 Be6 28. Qe4 Bxc4 29. Rxc4 Qf8 30. Qh4 Re8 31. Rc3 Re5 32. Rh3 Rh5 33. Nf4 Rxh4 34. Rxh4 g5 35. Nd5 gxh4 36. Nxc7 Qe7+ 37. Ne6 Qxe6+ 38. Kd2 Qxc6 39. Kd3 h3 40. Kd4 h2 41. Ke5 h1Q 42. f4 Qhe4# 0-1

[Event "LSS SN-2010-0-00221"]
[Site "LSS email"]
[Date "2010.02.10"]
[Round "?"]
[White "Vontina, Maria"]
[Black "Pavak, Jan"]
[Result "0-1"]
[WhiteElo "646"]
[BlackElo "603"]
[PlyCount "64"]
[EventDate "2010.01.26"]
[EventType "tourn (corr)"]
[EventRounds "6"]
[EventCountry "GER"]
[SourceTitle "Corr 2013"]
[Source "ChessBase"]
[SourceDate "2012.11.12"]
[SourceVersion "1"]
[SourceVersionDate "2012.11.12"]
[SourceQuality "1"]
[WhiteTeam "US of America"]
[BlackTeam "US of America"]
[WhiteTeamCountry "USA"]
[BlackTeamCountry "USA"]

1. d4 d5 2. c4 e6 3. Nc3 Nc6 4. Nf3 Bb4 5. Bg5 f6 6. Bh4 Bxc3+ 7. bxc3 dxc4 8. e4 b5 9. a4 b4 10. Bxc4 bxc3 11. 0-0 Na5 12. Be2 g5 13. Bg3 Rb8 14. Qc2 Rb2 15. Qd3 g4 16. Ne1 Nb3 17. Qxc3 Rxe2 18. Qxb3 Rxe4 19. Nc2 Ba6 20. Rfd1 Be2 21. Re1 Nh6 22. Ne3 Rxd4 23. Rxe2 Kf7 24. Rc1 Rd7 25. Rec2 c6 26. Rxc6 Re8 27. Kf1 Rd3 28. Qc4 Rd4 29. Rc7+ Kf8 30. Rc8 Rxc4 31. Rxd8 Rxc1+ 32. Ke2 Rxd8 0-1

[Event "LSS ZN-2010-0-00909"]
[Site "LSS email"]
[Date "2010.02.05"]
[Round "?"]
[White "Pavak, Jan"]
[Black "Verich, Oleg"]
[Result "0-1"]
[WhiteElo "577"]
[BlackElo "800"]
[PlyCount "74"]
[EventDate "2010.02.03"]
[EventType "match (corr)"]
[EventRounds "2"]
[EventCountry "GER"]
[SourceTitle "Corr 2013"]
[Source "ChessBase"]
[SourceDate "2012.11.12"]
[SourceVersion "1"]
[SourceVersionDate "2012.11.12"]
[SourceQuality "1"]

1. e4 d5 2. exd5 Nf6 3. Nc3 Nxd5 4. Nxd5 Qxd5 5. d4 Nc6 6. Nf3 Bg4 7. Be2 e6 8. Be3 Be7 9. Nd2 Bxe2 10. Qxe2 0-0-0 11. c4 Qf5 12. 0-0 Nxd4 13. Bxd4 Rxd4 14. b3 Rhd8 15. Nf3 Re4 16. Qc2 Qg6 17. g3 h5 18. Rae1 Rxe1 19. Nxe1 Qg4 20. Ng2 e5 21. Ne3 Qh3 22. Nf5 Bf6 23. Qe4 g6 24. Ne3 Rd4 25. Qf3 Qe6 26. Nc2 Rd2 27. Rc1 h4 28. Qe3 Qd7 29. Qf3 Bg5 30. Ne3 hxg3 31. hxg3 f5 32. a4 e4 33. Qh1 Qd4 34. Qh8+ Qxh8 35. Nxf5 gxf5 36. f3 Qh2+ 37. Kf1 Qf2# 0-1

[Event "LSS ZN-2010-0-00881"]
[Site "LSS email"]
[Date "2010.01.23"]
[Round "?"]
[White "Molina, Vicente Andres"]
[Black "Pavak, Jan"]
[Result "1-0"]
[WhiteElo "671"]
[BlackElo "612"]
[PlyCount "43"]
[EventDate "2010.01.19"]
[EventType "match (corr)"]
[EventRounds "2"]
[EventCountry "GER"]
[SourceTitle "Corr 2013"]
[Source "ChessBase"]
[SourceDate "2012.11.12"]
[SourceVersion "1"]
[SourceVersionDate "2012.11.12"]
[SourceQuality "1"]

1. c4 e5 2. Nc3 Bb4 3. a3 Bxc3 4. bxc3 d5 5. cxd5 Qxd5 6. Nf3 Nc6 7. d3 Bg4 8. e4 Qc5 9. Bd2 0-0-0 10. h3 Bxf3 11. Qxf3 Nh6 12. g3 Kb8 13. Be2 Ng8 14. 0-0 Na5 15. Rfb1 a6 16. d4 Qd6 17. c4 exd4 18. Bxa5 Nf6 19. Bd3 Qd7 20. Kg2 Qa4 21. e5 Qxa5 22. Qxb7# 1-0

[Event "LSS ZN-2010-0-00867"]
[Site "LSS email"]
[Date "2010.01.10"]
[Round "?"]
[White "Pavak, Jan"]
[Black "Tobey, Al E"]
[Result "0-1"]
[WhiteElo "624"]
[BlackElo "727"]
[PlyCount "110"]
[EventDate "2010.01.06"]
[EventType "match (corr)"]
[EventRounds "2"]
[EventCountry "GER"]
[SourceTitle "Corr 2013"]
[Source "ChessBase"]
[SourceDate "2012.11.12"]
[SourceVersion "1"]
[SourceVersionDate "2012.11.12"]
[SourceQuality "1"]

1. e4 e5 2. Bc4 Be7 3. Nf3 d6 4. Ng5 Bxg5 5. 0-0 Ne7 6. d4 Bxc1 7. Qxc1 0-0 8. dxe5 dxe5 9. Nd2 Nbc6 10. Nf3 h6 11. Bb5 Bd7 12. c4 a6 13. Bxc6 Nxc6 14. b3 f6 15. Qd1 Bg4 16. Qe2 Nd4 17. Qb2 Nxf3+ 18. gxf3 Bxf3 19. Qc3 Bxe4 20. Qe3 Bc6 21. Rad1 Qe8 22. a4 Qg6+ 23. Qg3 Qxg3+ 24. hxg3 Be4 25. Rd7 Rac8 26. Re1 Bc6 27. Rd3 e4 28. Rde3 Rcd8 29. a5 Rd3 30. Rxd3 exd3 31. Rd1 Rd8 32. f4 d2 33. Kf2 Rd3 34. Ke2 Rxb3 35. Rxd2 Rxg3 36. Rd8+ Kh7 37. Rc8 Rc3 38. Rxc7 Rxc4 39. Ke3 Ra4 40. f5 Rxa5 41. Kd4 Rxf5 42. Re7 h5 43. Re1 h4 44. Re3 Rh5 45. Rh3 Bg2 46. Re3 h3 47. Re2 h2 48. Rxg2 h1Q 49. Rb2 Qg1+ 50. Kc4 Qc5+ 51. Kd3 Qf5+ 52. Kc3 Qe5+ 53. Kb3 Qb5+ 54. Ka2 Qa4+ 55. Kb1 Rh1# 0-1

[Event "LSS ZN-2009-0-00841"]
[Site "LSS email"]
[Date "2009.12.25"]
[Round "?"]
[White "Pavak, Jan"]
[Black "Dewulf, Bjorn"]
[Result "0-1"]
[WhiteElo "2100"]
[BlackElo "972"]
[PlyCount "120"]
[EventDate "2009.12.15"]
[EventType "match (corr)"]
[EventRounds "2"]
[EventCountry "GER"]
[SourceTitle "Telechess CBM 137"]
[Source "ChessBase"]
[SourceDate "2010.07.15"]
[SourceVersion "1"]
[SourceVersionDate "2010.07.15"]
[SourceQuality "1"]

1. d4 d6 2. Bf4 Nf6 3. e3 Nbd7 4. Nc3 e5 5. dxe5 dxe5 6. Bg5 Be7 7. e4 0-0 8. Bc4 h6 9. Bxf6 Bxf6 10. Nf3 c6 11. 0-0 Nc5 12. Qe2 Bg4 13. h3 Be6 14. Bxe6 Nxe6 15. Rad1 Qc7 16. a4 Qb6 17. b3 Rad8 18. Rxd8 Rxd8 19. Rd1 Rxd1+ 20. Nxd1 Nf4 21. Qd2 Bd8 22. Nxe5 f6 23. Qxf4 g5 24. Qd2 fxe5 25. Qxd8+ Qxd8 26. Ne3 h5 27. g4 h4 28. Nf5 Qd1+ 29. Kg2 Qxc2 30. Ne7+ Kf8 31. Ng6+ Kf7 32. Nxe5+ Kf6 33. Nd7+ Ke6 34. Nf8+ Ke5 35. Ng6+ Kf6 36. Nxh4 gxh4 37. b4 Qxe4+ 38. f3 Qf4 39. Kf2 Qd4+ 40. Ke2 Qb2+ 41. Ke3 Qb3+ 42. Kf2 Qc2+ 43. Ke3 Qc3+ 44. Kf2 Qd2+ 45. Kf1 Qe3 46. f4 Qxf4+ 47. Ke2 Qg3 48. b5 Qg2+ 49. Ke3 Qxh3+ 50. Kf4 Qg3+ 51. Ke4 Qxg4+ 52. Ke3 h3 53. bxc6 bxc6 54. Kd3 Qg3+ 55. Kc4 h2 56. Kc5 h1Q 57. Kd4 Qd1+ 58. Kc4 Qc1+ 59. Kd4 Qgf4+ 60. Kd3 Qce3+ 0-1